00906 2200289 4500001002100000005001500021035002000036007000300056008004100059082001600100084001800116100002800134245006900162300003700231264010900268336002100377337003000398338002300428040002200451090002200473090002200495650002300517850001200540999002200552990002200574990002000596INLIS00000000089220220250423084620 a0010-0125000102ta250107n yoia a 0 ind d04223a028.534 a028.534 ENN p0 aEnny SukasihePengarang10aPetualangan ke demak menelusuri tradisi megengan /cEnny Sukasih a40 halaman :bilustrasi ;c22 cm31aSleman :bKementerian Pendidikan, Kebudayaan, Riset, dan Teknologi Direktorat Jenderal Kebudayaan,c2024 2rdacontentateks 2rdamediaatanpa perantara 2rdacarrieravolume aYOPDYOGbinderda aCB-D.11 2024-4045 aNUS 028.534 ENN p 4aBacaan kanak-kanak aYOPDYOG aCB-D.11/2024-4045 aCB-D.11/2024-4045 a73331-PD/A.2025